Tunku Abdullah Lebar Ibnu Tunku Muhammad Saad : (Record no. 192445)

MARC details
000 -LEADER
fixed length control field 01399aam a2200397 i 4500
001 - CONTROL NUMBER
control field vtls000851499
003 - CONTROL NUMBER IDENTIFIER
control field PNM
005 - DATE AND TIME OF LATEST TRANSACTION
control field 20240321102841.0
008 - FIXED-LENGTH DATA ELEMENTS--GENERAL INFORMATION
fixed length control field 180416t20182018my ao g 001 0 may
015 ## - NATIONAL BIBLIOGRAPHY NUMBER
National bibliography number M18-05139
020 ## - INTERNATIONAL STANDARD BOOK NUMBER
International Standard Book Number 9789671564509
Qualifying information paperback
039 #9 - LEVEL OF BIBLIOGRAPHIC CONTROL AND CODING DETAIL [OBSOLETE]
Level of rules in bibliographic description 202006021538
Level of effort used to assign nonsubject heading access points AUTHORITY
Level of effort used to assign subject headings 201810291038
Level of effort used to assign classification rosliza
Level of effort used to assign subject headings 201810030856
Level of effort used to assign classification rosliza
Level of effort used to assign subject headings 201806041011
Level of effort used to assign classification ndiana
040 ## - CATALOGING SOURCE
Original cataloging agency BNM
Language of cataloging eng
Transcribing agency BNM
Description conventions rda
Modifying agency PPAK
049 ## - LOCAL HOLDINGS (OCLC)
Holding library mal
082 04 - DEWEY DECIMAL CLASSIFICATION NUMBER
Edition number 23
Classification number 929.209595112
090 00 - LOCALLY ASSIGNED LC-TYPE CALL NUMBER (OCLC); LOCAL CALL NUMBER (RLIN)
Classification number (OCLC) (R) ; Classification number, CALL (RLIN) (NR) 929.209595112
Feature heading MAH
Feature heading KWS
100 0# - MAIN ENTRY--PERSONAL NAME
Personal name Mahadhir Mat Lazim,
Dates associated with a name 1976-
Relator term author.
245 10 - TITLE STATEMENT
Title Tunku Abdullah Lebar Ibnu Tunku Muhammad Saad :
Remainder of title Sebuah kajian sejarah keluarga berdasarkan sumber bertulis dan lisan /
Statement of responsibility, etc. Mahadhir bin Mat Lazim
250 ## - EDITION STATEMENT
Edition statement Edisi Ketiga
264 #1 - PRODUCTION, PUBLICATION, DISTRIBUTION, MANUFACTURE, AND COPYRIGHT NOTICE
Place of production, publication, distribution, manufacture Beranang, Selangor :
Name of producer, publisher, distributor, manufacturer Mahadhir bin Mat Lazim,
Date of production, publication, distribution, manufacture, or copyright notice [2018?]
Date of production, publication, distribution, manufacture, or copyright notice ©2018
300 ## - PHYSICAL DESCRIPTION
Extent 140 pages :
Other physical details photographs ;
Dimensions 21 cm
336 ## - CONTENT TYPE
Content type term text
Source rdacontent
337 ## - MEDIA TYPE
Media type term unmediated
Source rdamedia
338 ## - CARRIER TYPE
Carrier type term volume
Source rdacarrier
500 ## - GENERAL NOTE
General note Includes index
504 ## - BIBLIOGRAPHY, ETC. NOTE
Bibliography, etc. note Bibliography: pages 113-114
600 04 - SUBJECT ADDED ENTRY--PERSONAL NAME
Personal name Tunku Abdullah Lebar Ibnu Tunku Muhammad Saad
Form subdivision Biography
650 10 - SUBJECT ADDED ENTRY--TOPICAL TERM
Topical term or geographic name entry element Families of royal descent
Geographic subdivision Malaysia
-- Kedah
Topical term or geographic name entry element Kings and rulers
Form subdivision Genealogy
651 #0 - SUBJECT ADDED ENTRY--GEOGRAPHIC NAME
Geographic name Kedah (Malaysia)
General subdivision History
942 ## - ADDED ENTRY ELEMENTS (KOHA)
Source of classification or shelving scheme Dewey Decimal Classification
Koha item type Book
949 ## - LOCAL PROCESSING INFORMATION (OCLC)
6 2000637564
6 2000637563
6 2000637565
Holdings
Withdrawn Not for loan Current library Shelving location Date acquired Total Checkouts Full call number Barcode Date last seen Koha item type
Withdrawn Not For Loan Perpustakaan Alor Setar Koleksi Wan Shamsudin 11/09/2023   KWS 929.20959511 MAH KWS000365 11/09/2023 Book
  Not For Loan Perpustakaan Alor Setar Koleksi Wan Shamsudin 11/09/2023   KWS 929.20959511 MAH KWS000366 11/09/2023 Book
Withdrawn Not For Loan Perpustakaan Alor Setar Koleksi Wan Shamsudin 11/09/2023   KWS 929.20959511 MAH KWS000367 11/09/2023 Book
  Not For Loan Perpustakaan Alor Setar Koleksi Wan Shamsudin 30/04/2024   KWS 929.209595112 MAH KWS000786 30/04/2024 Book